MARC

LEADER 00000nas a2200000 a 4500
001 ssj0011791
003 WaSeSS
005 20200512172242.0
006 m d
007 cr n
008 001214c19989999iluqr p s o 0 a0eng
010 |a  2004221954 
016 7 |a 023162724  |2 DE-101 
016 7 |a 2070436-7  |2 DE-600 
022 |a 2325-5404  |y 1094-2076 
035 |a (WaSeSS)ssj0011791 
037 |b University of Chicago Press, 1427 East 60th Street, Chicago, IL 60637 
040 |a TXH  |b eng  |c TXH  |d OCLCQ  |d ATL  |d OCLCQ  |d EYM  |d OCL  |d DLC  |d OCLCE  |d OCLCQ  |d GBVCP  |d DLC  |d OCLCQ  |d OCLCO  |d OCLCQ  |d OCLCF  |d OCLCO  |d VT2  |d OCLCQ  |d DEBBG  |d GILDS  |d OCLCO  |d DLC  |d WaSeSS 
042 |a pcc  |a nsdp 
043 |a aw----- 
050 1 4 |a BS620.A1 
082 0 0 |a 220.93  |2 23 
130 0 |a Near Eastern archaeology (Atlanta, Ga. : Online) 
222 0 |a Near Eastern archaeology  |b (Atlanta, Ga. Online) 
245 1 0 |a Near Eastern archaeology  |h [electronic resource]. 
260 |a Atlanta, Ga. :  |b Published by Scholars Press for the American Schools of Oriental Research,  |c ©1998- 
260 2 |3 Sept. 1998-2018:  |a Boston, MA :  |b American Schools of Oriental Research 
260 3 |3 2019- :  |a Chicago, IL :  |b University of Chicago Press 
310 |a Quarterly 
362 0 |a Vol. 61, no. 1 (Mar. 1998)- 
500 |a Title from cover (ATLASerials, viewed Jan. 8, 2004). 
506 |a License restrictions may limit access. 
538 |a Mode of access: World Wide Web. 
588 |a Latest issue consulted: Vol. 64, no. 4 (Dec. 2001) (JSTOR, viewed May 11, 2005). 
588 |a Latest issue consulted: Vol. 82, no. 3 (Sept. 2019) (journals.uchicago.edu website, viewed Sept. 30, 2019). 
630 0 0 |a Bible  |x Antiquities  |v Periodicals. 
630 0 0 |a Bible  |x Evidences, authority, etc.  |v Periodicals. 
630 0 7 |a Bible.  |2 fast  |0 (OCoLC)fst01356024 
650 0 |a Archaeology  |v Periodicals. 
650 0 |a Excavations (Archaeology)  |v Periodicals. 
650 0 |a Excavations (Archaeology)  |z Middle East  |v Periodicals. 
650 6 |a Fouilles (Archéologie)  |z Moyen-Orient  |v Périodiques. 
650 6 |a Archéologie  |v Périodiques. 
650 7 |a Antiquities.  |2 fast  |0 (OCoLC)fst00810745 
650 7 |a Archaeology.  |2 fast  |0 (OCoLC)fst00812938 
650 7 |a Authority  |x Religious aspects.  |2 fast  |0 (OCoLC)fst00821658 
650 7 |a Excavations (Archaeology)  |2 fast  |0 (OCoLC)fst00917564 
650 1 7 |a Archeologie.  |2 gtt 
650 1 7 |a Bijbelse archeologie.  |2 gtt 
650 7 |a Archéologie.  |2 rasuqam 
650 7 |a Fouilles archéologiques.  |2 rasuqam 
650 7 |a Religion.  |2 rasuqam 
651 0 |a Middle East  |x Antiquities  |v Periodicals. 
651 6 |a Moyen-Orient  |x Antiquités  |v Périodiques. 
651 7 |a Middle East.  |2 fast  |0 (OCoLC)fst01241586 
651 7 |a Moyen-Orient.  |2 rasuqam 
651 7 |a Terre Sainte.  |2 rasuqam 
655 0 |a Electronic journals. 
710 2 |a American Schools of Oriental Research. 
776 1 |t Near Eastern archaeology (Atlanta, Ga.)  |x 1094-2076  |w (DLC)sn 97001657  |w (OCoLC)37017722 
780 0 0 |t Biblical archaeologist (Online)  |x 2325-534X  |w (DLC) 2004221952  |w (OCoLC)54030878 
856 4 0 |z Full text available from Research Library: 03/01/2001 to 03/31/2010  |u https://search.proquest.com/publication/34556